00282nam a2200121Ia 45000030006000000080041000060400015000471000020000622450040000822600009001225460012001310050017001430STCL150530s9999 xx 000 0 und d aSTCLcSTCL aHemsingh Pruthi aText book on agriculture entomology c1967 aEnglish20220125170505.0